000
00327nam a22001457a 4500
020
_a
81-7024-704-7
041
_a
ENG
100
_a
Sabata.B.C
245
_a
River Pollution in India A Case Study of Ganga River
260
_a
Delhi
_b
New Apcon
_c
1997
300
_a
223
650
_a
IDE
700
_a
Nayar.M.P
856
_u
IDE
999
_c
326
_d
326